| 000 | 00639nam a22002177a 4500 | ||
|---|---|---|---|
| 999 |
_c20408 _d20408 |
||
| 003 | AR-CdUCM | ||
| 008 | 190527b ||||| |||| 00| 0 spa d | ||
| 040 |
_aMUNICIPALIDAD PROVINCIAL DEL CUSCO _cBIBLIOTECA MUNICIPAL DEL CUSCO |
||
| 041 | _hfre | ||
| 082 |
_a920 / _bR299 |
||
| 100 |
_aReclus, Eliseo _929928 |
||
| 245 | _aCorrespondencia / | ||
| 260 |
_aBuenos Aires : _bImán, _c1943. |
||
| 300 |
_a327 páginas ; _c21 cm. _bRetratos, |
||
| 505 | _aContenido:Correspondencia. | ||
| 650 |
_aLiteratura francesa _9913 |
||
| 650 |
_aHistoria _9246 |
||
| 650 |
_aPolítica _9291 |
||
| 942 |
_2ddc _cLIBROS |
||
| 945 |
_adavv _d2019-05-30 |
||